000
00340pab a2200145 454500
008
180718b1995 xxu||||| |||| 00| 0 eng d
100
_a
Vijaypurkar, Mahesh
245
_a
Playing politics with coops
260
_c
1995
300
_a
p.8
362
_a
8 Dec
650
_a
Cooperative societies - India
773
_a
Hindu
909
_a
30556
999
_c
30556
_d
30556